All Novak Djokovic Grand Slam Losses - Statistics

General Stats
  • This quiz has been taken 380 times
    51 since last reset
  • The average score is 43 of 56
Answer Stats
Year Tournament Round Opponent % Correct
2006 Roland Garros QF Rafael Nadal
100%
2007 Roland Garros SF Rafael Nadal
100%
2007 Wimbledon SF Rafael Nadal
100%
2008 Roland Garros SF Rafael Nadal
100%
2010 US Open F Rafael Nadal
100%
2012 Roland Garros F Rafael Nadal
100%
2013 Roland Garros SF Rafael Nadal
100%
2013 US Open F Rafael Nadal
100%
2014 Roland Garros F Rafael Nadal
100%
2020 Roland Garros F Rafael Nadal
100%
2022 Roland Garros QF Rafael Nadal
100%
2007 Australian Open R16 Roger Federer
100%
2007 US Open F Roger Federer
100%
2008 US Open SF Roger Federer
100%
2009 US Open SF Roger Federer
100%
2011 Roland Garros SF Roger Federer
100%
2012 Wimbledon SF Roger Federer
100%
2012 US Open F Andy Murray
98%
2013 Wimbledon F Andy Murray
98%
2023 Wimbledon F Carlos Alcaraz
98%
2024 Wimbledon F Carlos Alcaraz
98%
2025 US Open SF Carlos Alcaraz
98%
2026 Australian Open F Carlos Alcaraz
98%
2024 Australian Open SF Jannik Sinner
95%
2025 Roland Garros SF Jannik Sinner
95%
2025 Wimbledon SF Jannik Sinner
95%
2014 Australian Open QF Stan Wawrinka
93%
2015 Roland Garros F Stan Wawrinka
93%
2016 US Open F Stan Wawrinka
93%
2019 US Open R16 Stan Wawrinka
93%
2025 Australian Open SF Alexander Zverev
91%
2021 US Open F Daniil Medvedev
91%
2017 Roland Garros QF Dominic Thiem
84%
2019 Roland Garros SF Dominic Thiem
84%
2014 US Open SF Kei Nishikori
72%
2009 Australian Open QF Andy Roddick
67%
2010 Australian Open QF Jo-Wilfried Tsonga
65%
2016 Wimbledon R32 Sam Querrey
65%
2020 US Open R16 Pablo Carreño Busta
63%
2024 US Open R32 Alexei Popyrin
60%
2005 Australian Open R128 Marat Safin
60%
2008 Wimbledon R64 Marat Safin
60%
2010 Wimbledon SF Tomáš Berdych
60%
2017 Wimbledon QF Tomáš Berdych
60%
2017 Australian Open R64 Denis Istomin
56%
2018 Roland Garros QF Marco Cecchinato
56%
2018 Australian Open R16 Hyeon Chung
51%
2010 Roland Garros QF Jürgen Melzer
44%
2006 Us Open R32 Lleyton Hewitt
42%
2005 US Open R32 Fernando Verdasco
26%
2005 Roland Garros R64 Guillermo Coria
26%
2009 Wimbledon QF Tommy Haas
26%
2006 Wimbledon R16 Mario Ančić
19%
2005 Wimbledon R32 Sébastian Grosjean
19%
2009 Roland Garros R32 Philipp Kohlschreiber
16%
2006 Australian Open R128 Paul Goldstein
9%
No matching quizzes found
Score Distribution
Percent of People with Each Score
Percentile by Number Answered
Your Score History
You have not taken this quiz since the last reset